Quiz sulla città di Ravenna - Statistics

Statistiche generali
  • Questo quiz è stato fatto 112 volte
  • Il punteggio medio è 9 su 20
Statistiche sulle risposte
Gruppo Descrizione Risposta % Corretto
Ravenna Regione d'Italia in quale si trova Ravenna Emilia-Romagna
99%
Ravenna Mare su quale si trova Ravenna Adriatico
91%
Ravenna Scrittore che morì nel 1321 a Ravenna Dante Alighieri
87%
Ravenna Ravenna fu la capitale di questo impero fino al 476 Impero romano d'Occidente
67%
Ravenna Fiume notoriamente incrociato da Giulio Cesare Rubicone
61%
UNESCO Patrimoni dell'umanità Basilica di Sant'Apollinare in {Classe}
53%
UNESCO Patrimoni dell'umanità Mausoleo di {Galla Placidia}
53%
Ravenna Gli edifici di Ravenna sono noti per includere questa forma d'arte Mosaico
50%
UNESCO Patrimoni dell'umanità Mausoleo di {Teodorico}
49%
UNESCO Patrimoni dell'umanità Basilica di San {Vitale}
47%
UNESCO Patrimoni dell'umanità Basilica di Sant'Apollinare {Nuovo}
45%
Ravenna Ravenna fù nel secolo V la capitale di questo popolo germanico Ostrogoti
39%
Ravenna La "faience" è originaria di questa città in periferia di Ravenna Faenza
33%
UNESCO Patrimoni dell'umanità Battistero degli {Ariani}
29%
UNESCO Patrimoni dell'umanità Battistero {Neoniano}
29%
Ravenna Suddivisione dell'Impero bizantino fino al 751 {Esarcato} di Ravenna
21%
Ravenna Canale che collega Ravenna con quel mare Canale di {Candiano}
17%
UNESCO Patrimoni dell'umanità Cappella {Arcivescovile}
11%
Ravenna Fondatore dell'ordine camaldolese nato a Ravenna Romualdo
8%
Ravenna Demotico di Ravenna Ravennato
2%
Nessun quiz corrispondente trovato
Distribuzione punteggi
Percentuale di utenti per punteggio
Percentile per numero di risposta
I tuoi punteggi nel tempo
Non hai fatto questo quiz